<?xml version="1.0" encoding="UTF-8"?>
<record
    xmlns:xsi="http://www.w3.org/2001/XMLSchema-instance"
    xsi:schemaLocation="http://www.loc.gov/MARC21/slim http://www.loc.gov/standards/marcxml/schema/MARC21slim.xsd"
    xmlns="http://www.loc.gov/MARC21/slim">

  <leader>03032nab a2200301uuc4500</leader>
  <controlfield tag="001">1370801</controlfield>
  <controlfield tag="005">20240202115116.0</controlfield>
  <controlfield tag="007">cr|||||||</controlfield>
  <controlfield tag="008">140516                             spa  </controlfield>
  <datafield tag="035" ind1=" " ind2=" ">
    <subfield code="a">1370801</subfield>
  </datafield>
  <datafield tag="040" ind1=" " ind2=" ">
    <subfield code="c">comduadb</subfield>
  </datafield>
  <datafield tag="041" ind1=" " ind2=" ">
    <subfield code="a">spa</subfield>
  </datafield>
  <datafield tag="100" ind1="1" ind2="0">
    <subfield code="a">Gal&#xE1;n S&#xE1;nchez Heredero, Mar&#xED;a Jos&#xE9;</subfield>
    <subfield code="4">aut</subfield>
    <subfield code="e">aut</subfield>
    <subfield code="9">638882</subfield>
  </datafield>
  <datafield tag="245" ind1="1" ind2="0">
    <subfield code="a">Malnutrici&#xF3;n asociada a disfagia orofar&#xED;ngea en pacientes mayores de 65 a&#xF1;os ingresados en una unidad m&#xE9;dico-quir&#xFA;rgica</subfield>
  </datafield>
  <datafield tag="520" ind1="3" ind2=" ">
    <subfield code="a">Objetivos El objetivo principal es conocer la relaci&#xF3;n existente entre disfagia orofar&#xED;ngea, situaci&#xF3;n de riesgo nutricional y deterioro funcional en pacientes mayores de 65 a&#xF1;os ingresados en una unidad de hospitalizaci&#xF3;n m&#xE9;dico-quir&#xFA;rgica. Los objetivos secundarios son determinar la prevalencia de disfagia orofar&#xED;ngea, conocer el estado nutricional y la capacidad funcional de estos pacientes. Metodolog&#xED;a estudio observacional, anal&#xED;tico y transversal que incluy&#xF3; durante los meses de febrero a marzo del 2013 a pacientes mayores de 65 a&#xF1;os ingresados en la unidad de Digestivo-Urolog&#xED;a del Hospital Universitario de la Princesa. Se registraron las siguientes variables: edad, sexo, &#xED;ndice de masa corporal, soporte familiar, diagn&#xF3;stico, comorbilidad, disfagia orofar&#xED;ngea (EAT-10 y m&#xE9;todo de evaluaci&#xF3;n cl&#xED;nica volumen-viscosidad), malnutrici&#xF3;n (Mininutritional Assessment) y capacidad funcional de los pacientes (&#xED;ndice de Barthel). Resultados Se reclut&#xF3; a 167 pacientes, siendo la prevalencia de disfagia y de malnutrici&#xF3;n del 30,8 y 15,4% respectivamente. En pacientes con disfagia orofar&#xED;ngea la prevalencia de problemas nutricionales aument&#xF3; hasta el 75%. En el an&#xE1;lisis de regresi&#xF3;n log&#xED;stica, la obtenci&#xF3;n de una puntuaci&#xF3;n baja en el &#xED;ndice de Barthel (OR 0,97 [IC 95%; 0,95-0,99]), la presencia de comorbilidad (OR 7,98 [IC 95%; 3,09-20,61]) y padecer disfagia (OR 4,07 [IC 95%; 1,57-10,52]) se asociaron a una mayor probabilidad de padecer malnutrici&#xF3;n. Discusi&#xF3;n La disfagia orofar&#xED;ngea es uno de los problemas m&#xE1;s infradiagnosticados y subestimados entre los pacientes ancianos y que mayor afectaci&#xF3;n tiene sobre su estado nutricional. Sugerimos detectarla de forma precoz mediante los m&#xE9;todos diagn&#xF3;sticos establecidos y con la colaboraci&#xF3;n de un equipo multidisciplinar.</subfield>
  </datafield>
  <datafield tag="650" ind1=" " ind2=" ">
    <subfield code="a">Disfagia</subfield>
    <subfield code="9">146408</subfield>
  </datafield>
  <datafield tag="650" ind1=" " ind2=" ">
    <subfield code="a">Disfagia faringea</subfield>
    <subfield code="9">184273</subfield>
  </datafield>
  <datafield tag="650" ind1=" " ind2=" ">
    <subfield code="a">Malnutrici&#xF3;n</subfield>
    <subfield code="9">20934</subfield>
  </datafield>
  <datafield tag="650" ind1=" " ind2=" ">
    <subfield code="a">Cribado</subfield>
    <subfield code="9">21052</subfield>
  </datafield>
  <datafield tag="700" ind1="1" ind2="0">
    <subfield code="a">Santander Vaquero, Cecilio</subfield>
    <subfield code="4">aut</subfield>
    <subfield code="e">aut</subfield>
    <subfield code="9">688843</subfield>
  </datafield>
  <datafield tag="700" ind1="1" ind2="0">
    <subfield code="a">Cort&#xE1;zar S&#xE1;ez, Milagros</subfield>
    <subfield code="4">aut</subfield>
    <subfield code="e">aut</subfield>
    <subfield code="9">632588</subfield>
  </datafield>
  <datafield tag="700" ind1="1" ind2="0">
    <subfield code="a">Morena L&#xF3;pez, Felipe de la</subfield>
    <subfield code="4">aut</subfield>
    <subfield code="e">aut</subfield>
    <subfield code="9">688845</subfield>
  </datafield>
  <datafield tag="700" ind1="1" ind2="0">
    <subfield code="a">Susi Garc&#xED;a, Rosario</subfield>
    <subfield code="4">aut</subfield>
    <subfield code="e">aut</subfield>
    <subfield code="9">639488</subfield>
  </datafield>
  <datafield tag="700" ind1="1" ind2="0">
    <subfield code="a">Mart&#xED;nez Rinc&#xF3;n, Mar&#xED;a del Carmen</subfield>
    <subfield code="4">aut</subfield>
    <subfield code="e">aut</subfield>
    <subfield code="9">698247</subfield>
  </datafield>
  <datafield tag="773" ind1="0" ind2=" ">
    <subfield code="t">Enfermer&#xED;a Cl&#xED;nica (Espa&#xF1;a)</subfield>
    <subfield code="g">Vol. 24. N&#xFA;m. 03. Mayo 2014 - Junio 2014, p. 183-190</subfield>
    <subfield code="w">1361867</subfield>
    <subfield code="0">679853</subfield>
  </datafield>
  <datafield tag="856" ind1="4" ind2=" ">
    <subfield code="u">https://aplicacionesbiblioteca.udea.edu.co:2629/#!/browse/toc/1-s2.0-S1130862114X00033/null/journalIssue</subfield>
  </datafield>
  <datafield tag="942" ind1=" " ind2=" ">
    <subfield code="c">ARIMP</subfield>
  </datafield>
  <datafield tag="999" ind1=" " ind2=" ">
    <subfield code="c">684968</subfield>
    <subfield code="d">684968</subfield>
  </datafield>
</record>
